The income approach to property valuation (Record no. 112153)

MARC details
000 -LEADER
fixed length control field 01666cam a22003495a 4500
001 - CONTROL NUMBER
control field L152661
008 - FIXED-LENGTH DATA ELEMENTS--GENERAL INFORMATION
fixed length control field 110411s2011 xxk f 001 0 eng d
020 ## - INTERNATIONAL STANDARD BOOK NUMBER
International Standard Book Number 9780080966908
035 ## - SYSTEM CONTROL NUMBER
System control number (Sirsi) u152661
041 0# - LANGUAGE CODE
Language code of text/sound track or separate title eng
050 04 - LIBRARY OF CONGRESS CALL NUMBER
Classification number 332.332 $2 18
100 1# - MAIN ENTRY--PERSONAL NAME
Personal name Baum, Andrew
245 04 - TITLE STATEMENT
Title The income approach to property valuation
250 ## - EDITION STATEMENT
Edition statement 6th ed.
260 ## - PUBLICATION, DISTRIBUTION, ETC.
Place of publication, distribution, etc. Oxford
-- G Books
Date of publication, distribution, etc. 2011.
300 ## - PHYSICAL DESCRIPTION
Extent xii, tables 343p. $2 3cm.
505 2# - FORMATTED CONTENTS NOTE
Formatted contents note Introduction and Quick start to the income approach -- Financial mathematics for valuers -- Discounted cash flow (DFC) -- Basic principles -- The income approach: freeholds -- The income approach: leaseholds -- The income approach: taxation and valuation -- Landlord and tenant -- The effect of legislation -- Development opportunities -- The profits method of valuation -- Investment analysis.
520 ## - SUMMARY, ETC.
Summary, etc. This edition has been updates with the latest valuation techniques, including the important area of investment appraisal. It focuses on how to support an opinion of market value; the investment method of valuation and how it is applied in practice;how specific legal factors can impact on market value when they interfere with market forces and how to use spreadsheets in valuation.
520 ## - SUMMARY, ETC.
Summary, etc. Supersedes 5th ed. ISBN# 0728204649.
521 ## - TARGET AUDIENCE NOTE
Target audience note Advanced.
650 24 - SUBJECT ADDED ENTRY--TOPICAL TERM
Topical term or geographic name entry element CAPITALISATION
650 24 - SUBJECT ADDED ENTRY--TOPICAL TERM
Topical term or geographic name entry element DISCOUNTED CASH FLOW
650 24 - SUBJECT ADDED ENTRY--TOPICAL TERM
Topical term or geographic name entry element INVESTMENT ANALYSIS
650 24 - SUBJECT ADDED ENTRY--TOPICAL TERM
Topical term or geographic name entry element VALUATION METHODS
650 24 - SUBJECT ADDED ENTRY--TOPICAL TERM
Topical term or geographic name entry element Valuation
9 (RLIN) 6273
651 #4 - SUBJECT ADDED ENTRY--GEOGRAPHIC NAME
Geographic name ENGLAND AND WALES
690 ## - LOCAL SUBJECT ADDED ENTRY--TOPICAL TERM (OCLC, RLIN)
Topical term or geographic name as entry element RATING AND VALUATION
700 1# - ADDED ENTRY--PERSONAL NAME
Personal name Mackmin, David
700 1# - ADDED ENTRY--PERSONAL NAME
Personal name Nunnington, Nick
942 ## - ADDED ENTRY ELEMENTS (KOHA)
Suppress in OPAC 0
Holdings
Withdrawn status Lost status Source of classification or shelving scheme Damaged status Not for loan Home library Current library Shelving location Date acquired Cost, normal purchase price Total Checkouts Full call number Barcode Date last seen Copy number Cost, replacement price Price effective from Koha item type
    Dewey Decimal Classification     London London Books 19/04/2011 59.48   333.332 BAU 30077170 06/08/2019 1 59.48 06/08/2019 Book